[Event "85th Southwest Open 2019"]
[Site "Dallas"]
[Date "2019.09.01"]
[Round "6.11"]
[White "Nakar, Eylon"]
[Black "Javakhadze, Zurab"]
[Result "0-1"]
[WhiteElo "2441"]
[BlackElo "2441"]
[Annotator "TA"]
[PlyCount "104"]
[EventDate "2019.08.29"]
[EventType "swiss"]
[EventCountry "USA"]
[SourceTitle "playchess.com"]
[Source "ChessBase"]
[SourceQuality "1"]

{[%evp 14,104,44,39,58,35,58,47,56,50,62,41,55,50,45,13,0,16,9,13,17,-60,0,0,0,0,75,46,60,52,108,102,90,21,25,0,0,-162,0,0,37,0,119,125,112,124,178,185,172,171,297,-30,5,0,40,-30,-12,-19,0,-10,-2,0,0,0,0,0,196,-314,-276,-320,-317,-311,-316,-277,-302,-338,-314,-358,-364,-366,-366,-362,-316,-359,-359,-428,-427,-29968,-428,-634,-502,-494,-487]} 1. e4 e5 2. Nf3 Nc6 3. Bb5 d6 4. O-O Bd7 5. c3 g6 6. d4 Bg7 7. Re1 Nge7 8. h3 O-O {C60: Ruy Lopez: Unusual Black 3rd moves and 3...g6} 9. a4 h6 $146 ({Predecessor:} 9... Qe8 10. Bf1 Kh8 11. d5 Nd8 12. c4 f5 13. Nc3 a6 14. b4 Nf7 15. c5 f4 16. Ba3 {½-½ (45) Morgan,M (2295)-Ritter,M (2340) New York 1992}) 10. dxe5 dxe5 {White is slightly better.} 11. Be3 b6 12. Nbd2 a6 13. Bf1 f5 14. Nb3 Be6 15. Qc2 Qe8 16. a5 Qf7 17. c4 (17. Nfd2 $11) 17... fxe4 ({Better is} 17... f4 $15 18. Bd2 g5) 18. Nfd2 $1 $11 Nf5 {Hoping for ...Ncd4.} 19. Nxe4 Ncd4 (19... Kh7 $11) 20. Bxd4 exd4 21. Nbd2 Rfd8 (21... d3 $14 22. Bxd3 Nd4) 22. Bd3 Nh4 23. Ng3 (23. axb6 $16 cxb6 24. Qa4) 23... Rf8 24. Re2 Rae8 {Strongly threatening ...Bxh3!} 25. Nde4 $2 {[#]} (25. Nge4 $11 {and White is okay.}) 25... Qd7 $2 (25... Bxh3 $1 $19 {[%mdl 512]} 26. f4 (26. gxh3 Qf3) 26... Bxg2 27. Rxg2 Nf3+ 28. Kh1 Qxf4) 26. Nd2 $14 Qf7 ({Don't play} 26... Qc6 $6 27. Be4 $16) 27. Be4 {[#]} (27. Nge4 $5 {[%cal Ra5b6]}) 27... Kh8 (27... d3 $1 $11 {[%mdl 512]} 28. Qxd3 Bxb2) 28. axb6 $16 {[%mdl 64] Discovered Attack} cxb6 29. Rxa6 d3 (29... Rd8 $16) 30. Qxd3 $18 Rd8 31. Qe3 g5 (31... Bxc4 $142 32. Nxc4 Qxc4 33. Rxb6 Rfe8) 32. Nf3 $2 ({Only move:} 32. Qxb6 $18 Bxc4 33. Nxc4 Qxc4 34. Rc2) 32... Bxc4 33. Rxb6 {Threatens to win with Ne5!} Nxf3+ 34. Bxf3 (34. gxf3 $14 Bxe2 35. Qxe2) 34... Bxe2 35. Qxe2 Rfe8 36. Qc2 Re1+ 37. Kh2 Re7 38. Nf5 Rc7 $36 {[%mdl 2048] Black has the initiative.} 39. Qe4 Rc5 $2 (39... Rc4 $11 {and Black stays safe.} 40. Qe6 Qxe6 41. Rxe6 Rb4) 40. Nxh6 $4 {[%mdl 8192]} (40. Nxg7 $18 Qxg7 41. Re6) 40... Qc7+ $19 {[%mdl 64] Double Attack} 41. g3 Qxb6 {[%mdl 64] Double Attack} 42. Nf7+ Kg8 43. Nxd8 Qxd8 44. Qe6+ Kh8 45. Be4 Qf8 46. Kg2 Bd4 ({Less strong is} 46... Bxb2 47. Qg6 $17) 47. f3 Rc7 48. Qg6 {White wants to play Qh5+.} Qf6 (48... Bxb2 $2 49. Qh5+ Kg8 50. Qxg5+ Bg7 51. Qd5+ Kh8 52. Qh5+ Bh6 53. Qg6 $19) 49. Qe8+ Kg7 50. b4 (50. h4 $19) 50... Re7 (50... Bb6 $142 51. h4 {[#]} g4 $1 {[%mdl 512]} 52. Qg6+ Qxg6 53. Bxg6 Kxg6 54. fxg4 Rc3 55. g5 Bc7 56. Kf2 Bxg3+ 57. Ke2 Rb3 58. b5 Bxh4 59. Kd2 Kxg5 60. b6 Kf4 61. Kc2 Rxb6 62. Kc3 Ke4 63. Kc4 Be1 64. Kc5 Rh6 65. Kc4 Rh5 66. Kb3 Kd3 67. Kb2 Rb5+ 68. Ka3 Kc2 69. Ka4 Ra5#) 51. Qd8 (51. Qc6 $142) 51... Bb6 {( -> ...Qb2+)} 52. Qd2 Qe5 {Accuracy: White = 30%, Black = 44%.} 0-1

[Event "85th Southwest Open 2019"]
[Site "Dallas"]
[Date "2019.09.01"]
[Round "6.12"]
[White "Berczes, David"]
[Black "Yip, Carissa"]
[Result "1-0"]
[WhiteElo "2488"]
[BlackElo "2425"]
[Annotator "TA"]
[PlyCount "57"]
[EventDate "2019.08.29"]
[EventType "swiss"]
[EventCountry "USA"]
[SourceTitle "playchess.com"]
[Source "ChessBase"]
[SourceQuality "1"]

{[%evp 15,57,41,46,30,30,30,32,33,36,0,41,38,41,38,64,66,66,0,108,104,118,134,154,165,150,152,156,152,151,138,220,128,140,138,354,354,359,359,358,352,675,689,866,831]} 1. c4 Nf6 2. Nc3 g6 3. e4 Bg7 4. d4 O-O 5. Bd3 d6 6. Nge2 c6 7. O-O e5 8. d5 Na6 9. Bc2 {E70: King's Indian: Miscellaneous lines with 4 e4, including 5 Nge2 and 5 Bd3 0-0 6 Nge2} cxd5 $146 ({Predecessor:} 9... Nc7 10. Rb1 Nh5 11. Be3 cxd5 12. cxd5 f5 13. exf5 gxf5 14. f4 e4 15. Nd4 Qe8 {1-0 (30) Gonda,L (2522)-Runic,Z (2443) Zupanja 2009}) 10. cxd5 Bd7 11. a3 {White is slightly better.} b5 12. Kh1 Nc7 13. Bg5 a5 14. b4 Rb8 15. Qd2 Na8 16. Bd3 (16. f3 $14) 16... axb4 (16... h6 $1 $11 {keeps the balance.} 17. Be3 (17. Bxh6 Bxh6 18. Qxh6 Ng4 $11) 17... Ng4) 17. axb4 $16 Nb6 18. f3 Nc4 {[#]} 19. Bxc4 $1 bxc4 20. Rfb1 Rb7 21. b5 {[%cal Bb4b5,Bb5b6][%mdl 32]} Qb8 22. Qb2 Rc8 (22... Nh5 $16 {is a better defense.}) 23. Qb4 (23. Be3 $18) 23... Be8 24. Ra6 Nh5 $2 {[#]} (24... Nd7 $16 {was worth a try.}) 25. b6 $18 ({Weaker is} 25. Qxd6 Bxb5 26. Qxb8 (26. Rxb5 Rxb5 27. Nxb5 Qxb5 $16) 26... Rcxb8 $16) 25... Nf4 26. Nxf4 exf4 27. Bxf4 Bd4 $2 (27... Bf8 28. g4 h6) 28. Bxd6 Bxc3 29. Qa3 {Accuracy: White = 70%, Black = 47%.} 1-0

[Event "85th Southwest Open 2019"]
[Site "Dallas"]
[Date "2019.09.01"]
[Round "6.13"]
[White "Tiglon, Bryce"]
[Black "Bajarani, Ulvi"]
[Result "1/2-1/2"]
[WhiteElo "2371"]
[BlackElo "2501"]
[Annotator "RC"]
[PlyCount "128"]
[EventDate "2019.08.29"]
[EventType "swiss"]
[EventCountry "USA"]
[SourceTitle "playchess.com"]
[Source "ChessBase"]
[SourceQuality "1"]
[TimeControl "5400+30"]

1. e4 {[%emt 0:00:00]} c5 {[%emt 0:00:00]} 2. Nf3 {[%emt 0:00:00]} d6 {[%emt 0:00:00]} 3. d4 {[%emt 0:00:00]} cxd4 {[%emt 0:00:00]} 4. Nxd4 {[%emt 0:00:00]} Nf6 {[%emt 0:00:07]} 5. Nc3 {[%emt 0:00:00]} a6 {[%emt 0:00:09]} 6. Be2 {[%emt 0:00:09]} e5 {[%emt 0:00:12]} 7. Nb3 {[%emt 0:00:03]} Be7 {[%emt 0:00:09]} 8. Be3 {[%emt 0:00:04]} Be6 {[%emt 0:00:14]} 9. Nd5 {[%emt 0:00:04]} Nxd5 {[%emt 0:00:22]} 10. exd5 {[%emt 0:00:06]} Bf5 {[%emt 0:00:08]} 11. Qd2 {[%emt 0:00:18]} Nd7 {[%emt 0:01:50]} 12. Na5 {[%emt 0:02:27]} Qc7 {[%emt 0:03:00]} 13. c4 {[%emt 0:00:10]} Bf6 {[%emt 0:02:25]} 14. O-O {[%emt 0:06:25]} b6 {[%emt 0:01:44]} 15. Nc6 {[%emt 0:01:29]} a5 {[%emt 0:00:05]} 16. f4 {[%emt 0:11:20]} exf4 {[%emt 0:00:15]} 17. Bxf4 {[%emt 0:00:20]} O-O {[%emt 0:01:23]} 18. Bxd6 {[%emt 0:02:14]} Qxd6 {[%emt 0:00:10]} 19. Rxf5 {[%emt 0:00:07]} g6 {[%emt 0:01:10]} 20. Rf2 {[%emt 0:05:53]} Bg7 {[%emt 0:02:48]} 21. Raf1 {[%emt 0:02:24]} Rae8 {[%emt 0:01:15]} 22. b3 {[%emt 0:01:33]} f5 {[%emt 0:00:50]} 23. Bf3 {[%emt 0:04:46]} Ne5 {[%emt 0:10:35]} 24. Kh1 {[%emt 0:00:55]} Nd7 {[%emt 0:05:38]} 25. Re2 {[%emt 0:06:55]} Bf6 {[%emt 0:01:49]} 26. Rfe1 {[%emt 0:01:00]} Rxe2 {[%emt 0:00:08]} 27. Rxe2 {[%emt 0:01:45]} Nc5 {[%emt 0:01:11]} 28. Nd4 {[%emt 0:03:44]} Rd8 {[%emt 0:04:06]} 29. Nb5 {[%emt 0:00:54]} Qd7 {[%emt 0:00:43]} 30. d6 {[%emt 0:00:36]} Kg7 {[%emt 0:00:36]} 31. Bd5 {[%emt 0:07:08]} Re8 {[%emt 0:01:18]} 32. Rxe8 {[%emt 0:13:33]} Qxe8 {[%emt 0:00:05]} 33. g3 {[%emt 0:00:31]} h6 {[%emt 0:01:53]} 34. Kg2 {[%emt 0:03:19]} Qe5 {[%emt 0:02:28]} 35. Bf3 {[%emt 0:01:59]} Ne4 {[%emt 0:00:54]} 36. Qd3 {[%emt 0:06:49]} Nc5 {[%emt 0:05:29]} 37. Qd1 {[%emt 0:01:07]} Qe3 {[%emt 0:02:10]} 38. Qe2 {[%emt 0:01:49]} Qxe2+ {[%emt 0:00:40]} 39. Bxe2 {[%emt 0:00:01]} Kf7 {[%emt 0:00:10]} 40. Kf2 {[%emt 0:04:05]} Ke6 {[%emt 0:02:21]} 41. Ke3 {[%emt 0:00:12]} Be5 {[%emt 0:00:27]} 42. Bf3 {[%emt 0:01:02]} Bxd6 {[%emt 0:00:16]} 43. Bd5+ {[%emt 0:00:20]} Ke7 {[%emt 0:00:43]} 44. Nd4 {[%emt 0:02:01]} Be5 {[%emt 0:00:25]} 45. Nc6+ {[%emt 0:00:34]} Kf6 {[%emt 0:00:34]} 46. Bf3 {[%emt 0:01:44]} g5 {[%emt 0:00:22]} 47. Bd5 {[%emt 0:05:18]} Bb2 {[%emt 0:01:34]} 48. b4 {[%emt 0:00:24]} axb4 {[%emt 0:00:59]} 49. Nxb4 {[%emt 0:00:01]} Ba3 {[%emt 0:01:05]} 50. Nd3 {[%emt 0:02:26]} Na6 {[%emt 0:00:44]} 51. h3 {[%emt 0:00:55]} h5 {[%emt 0:00:29]} 52. Bc6 {[%emt 0:01:01]} Nc7 {[%emt 0:00:41]} 53. Kf2 {[%emt 0:00:27]} Ne6 {[%emt 0:00:55]} 54. Be8 {[%emt 0:00:10]} Ng7 {[%emt 0:00:51]} 55. Bd7 {[%emt 0:00:01]} Ke7 {[%emt 0:00:20]} 56. Ba4 {[%emt 0:00:06]} Ne6 {[%emt 0:00:47]} 57. Bd1 {[%emt 0:01:44]} h4 {[%emt 0:00:18]} 58. gxh4 {[%emt 0:00:10]} gxh4 {[%emt 0:00:06]} 59. Bf3 {[%emt 0:00:04]} Kf6 {[%emt 0:00:19]} 60. Bg2 {[%emt 0:00:46]} Kg5 {[%emt 0:00:37]} 61. Bd5 {[%emt 0:00:17]} Nd4 {[%emt 0:00:58]} 62. Ke3 {[%emt 0:00:15]} Nc2+ {[%emt 0:03:34]} 63. Kd2 {[%emt 0:00:01]} Nd4 {[%emt 0:00:59]} 64. Ke3 {[%emt 0:00:01]} Nc2+ {[%emt 0:00:33]} 1/2-1/2

[Event "85th Southwest Open 2019"]
[Site "Dallas"]
[Date "2019.09.01"]
[Round "6.14"]
[White "Popilski, Gil"]
[Black "Stefanov, Emil"]
[Result "1-0"]
[WhiteElo "2468"]
[BlackElo "2390"]
[Annotator "TA"]
[PlyCount "65"]
[EventDate "2019.08.29"]
[EventType "swiss"]
[EventCountry "USA"]
[SourceTitle "playchess.com"]
[Source "ChessBase"]
[SourceQuality "1"]

{[%evp 15,65,26,35,31,41,35,45,18,18,11,41,50,51,51,128,92,96,99,97,62,64,62,69,62,70,72,197,197,311,315,287,93,76,85,91,-104,0,0,0,0,-7,-186,-153,-146,329,335,507,507,500,499,1188,1188]} 1. d4 g6 2. e4 Bg7 3. Nf3 d6 4. Be2 Nf6 5. Nc3 O-O 6. O-O c6 7. a4 Nbd7 8. a5 e5 9. dxe5 {B08: Pirc Defence: Classical System} Nxe5 10. h3 (10. Nxe5 dxe5 11. Qxd8 Rxd8 12. Be3 Be6 13. f3 Nd7 14. Na4 Bf8 15. Rfd1 Bb4 16. Bg5 Rdb8 17. Kf1 Kf8 18. Nc3 {½-½ (18) Zhigalko,S (2608)-Kobo,O (2484) Budapest 2018}) 10... Qe7 11. Bg5 {White is slightly better.} h6 12. Bh4 $146 ({Predecessor:} 12. Bf4 Rd8 13. Re1 Nxf3+ 14. Bxf3 Nh7 15. Be2 Ng5 16. Bf1 Be5 {½-½ (31) Zhang,X (2349)-Huang,Q (2473) China 2015}) 12... Be6 13. Nd4 g5 14. Bg3 $36 {[%mdl 2048] White fights for an advantage.} Nfd7 (14... Bd7 $14) 15. f4 gxf4 16. Bxf4 b5 17. axb6 axb6 18. Rxa8 Rxa8 19. Nd5 cxd5 20. exd5 Ra4 (20... Bxd5 $16 21. Nf5 {[%mdl 64] Discovered Attack} Qf6 22. Qxd5 {[%mdl 64] Double Attack} Ra5 23. Bxe5 Qxf5 24. Qxa5 Qxf1+ 25. Kxf1 bxa5 26. Bxd6 Bxb2) 21. c3 $18 ({Don't blunder} 21. dxe6 $2 Rxd4 22. exf7+ (22. Qxd4 $2 Nf3+ {[%mdl 64] Discovered Attack} 23. Rxf3 Bxd4+ $19) 22... Qxf7 $19) 21... Bxd5 (21... Rxd4 {was called for.} 22. cxd4 Bxd5) 22. Qxa4 Ng6 23. Bf3 $2 (23. Bg3 $18 {is more deadly.}) 23... Nc5 $16 24. Qd1 $1 {Nf5 is the strong threat.} ({Reject} 24. Nf5 Nxa4 25. Nxe7+ Nxe7 $11) 24... Nxf4 25. Nf5 $2 {[#]} (25. Bxd5 $1 $16 {is forced if you want to stay better.} Qe3+ 26. Kh1 Nxd5 27. Nf5) 25... Qg5 ({Black should play} 25... Qe5 $1 $17 {[%cal Re5f5]} 26. Nxg7 Bb3) 26. Nxg7 Kxg7 {[#]} 27. h4 $1 {[%cal Rh4g5][%mdl 512]} Qe5 {And now ...Bc4 would win.} (27... Qxh4 28. Bxd5) 28. g3 $2 (28. Bxd5 $11 Nxd5 29. Qg4+ Kf8 {[#]} 30. Qg6 $1 {[%mdl 512]} Qe3+ 31. Kh2 Qe5+ 32. Kg1) 28... Qe3+ 29. Kh2 Ncd3 $2 {[%mdl 8192]} (29... Bc4 $17 {keeps the pressure on.} 30. gxf4 Bxf1 31. Qxf1 Qxf4+ 32. Kh3 Qe3 33. Qg2+ Kf6) 30. Bxd5 $18 ({And not} 30. gxf4 Qxf4+ 31. Kh3 Qe3 $15) 30... Nf2 (30... Nxd5 $142 31. Rf3 Qe6) 31. Qf3 {[%mdl 64] Double Attack. White is clearly winning.} Nxd5 32. Rxf2 Qe6 (32... Qxf3 $142 33. Rxf3 Nc7) 33. Re2 {Accuracy: White = 49%, Black = 25%.} 1-0

[Event "85th Southwest Open 2019"]
[Site "Dallas"]
[Date "2019.09.01"]
[Round "6.15"]
[White "Mishra, Abhimanyu"]
[Black "Fernandez, Daniel"]
[Result "1-0"]
[WhiteElo "2377"]
[BlackElo "2466"]
[Annotator "TA"]
[PlyCount "75"]
[EventDate "2019.08.29"]
[EventType "swiss"]
[EventCountry "USA"]
[SourceTitle "playchess.com"]
[Source "ChessBase"]
[SourceQuality "1"]

{[%evp 28,75,0,2,25,10,31,21,24,23,23,23,23,23,35,34,50,8,43,43,87,19,15,21,0,0,0,0,213,0,242,213,1023,1015,6191,6191,5289,239,233,0,2258,0,529,362,6191,6191,2218,2047,29992,29993]} 1. e4 c5 2. Nf3 Nc6 3. d4 cxd4 4. Nxd4 Nf6 5. Nc3 e5 6. Ndb5 d6 7. Bg5 a6 8. Na3 b5 9. Nd5 Be7 10. Bxf6 Bxf6 11. c3 Bg5 12. Nc2 Rb8 13. Be2 O-O 14. O-O Be6 15. Qd3 f5 {B33: Sicilian: Pelikan and Sveshnikov Variations} (15... a5 16. Rfd1 b4 17. Nce3 bxc3 18. bxc3 Ne7 19. a4 Nxd5 20. Nxd5 Rb2 21. Rab1 Qb8 22. c4 g6 23. Rxb2 Qxb2 24. Rb1 {½-½ (56) Vitiugov,N (2726)-Gelfand,B (2655) Prague 2019}) 16. Bf3 g6 17. Rfd1 f4 $146 {The position is equal.} ({Predecessor:} 17... Qc8 18. Nde3 f4 19. Nd5 Kg7 20. Ndb4 Nxb4 21. Nxb4 a5 22. Nd5 Qd7 23. a3 Qa7 24. Rd2 a4 25. Nb4 {½-½ (25) Schueppen,H (2406)-Kevicky,M (2411) ICCF email 2015}) 18. Ndb4 Nxb4 19. Nxb4 {Strongly threatening Nc6.} Rb6 $1 20. Nd5 Rb7 21. b4 Bh4 22. Qe2 Kh8 23. a4 g5 24. h3 (24. axb5 $16 Rg7 25. h3 axb5 26. Bg4 (26. Qxb5 g4 $14)) 24... g4 $11 25. hxg4 (25. Bxg4 $6 Bxg4 26. hxg4 h5 $16) 25... Rg7 26. axb5 axb5 27. Ra6 h5 $2 (27... Rfg8 $11) 28. Nxf4 $2 ({Don't blunder} 28. Qxb5 $2 hxg4 29. Rxd6 (29. Be2 $2 Bxf2+ 30. Kf1 Qh4 $19) 29... Qxd6 $19) (28. gxh5 $18 {Hoping for Kf1.} Bh3 29. Nxf4 (29. Qxb5 Bxg2 30. Bxg2 Qg5 $19) 29... exf4 30. Rdxd6 Bxg2 31. Rxd8 (31. Rh6+ Kg8 $16) 31... Bxf3+ 32. Kh2 Bxe2 33. Rxf8+ Kh7 34. Raa8 (34. Rxf4 Bg5 $16)) 28... Rxf4 $2 (28... Bc4 $11 {and Black is okay.} 29. Nd3 hxg4 30. Bxg4 Qg5) 29. Rdxd6 $18 {[%mdl 64] Double Attack} Qg8 $2 (29... Bd7) 30. Rxe6 hxg4 31. Rh6+ Rh7 32. Rhg6 $2 (32. Qxb5 Bxf2+ {[%mdl 64] Remove Defender} 33. Kxf2 Rxh6 34. Rxh6+ Kg7 35. Qxe5+ Kxh6 36. Qxf4+ {[%mdl 64] Double Attack} Kh7 37. Bxg4 Qa2+ 38. Kg3) 32... Rg7 33. Rh6+ $2 (33. Qxb5 $2 Rxg6 34. Qxe5+ Rff6 $19) (33. Rxg7 Qxg7 34. Qxb5) 33... Rh7 34. Rhg6 $2 ({Only move:} 34. Qxb5 $18 Rf6 35. Rhxf6 Bxf6 36. Rxf6 gxf3 37. Rxf3) 34... Qf8 $2 {[%mdl 8192]} (34... Rg7 $1 $11 35. Rh6+ {[%mdl 64] Double Attack}) 35. Qa2 {Threatens to win with Ra8!} gxf3 $2 {[#]} (35... Bxf2+ 36. Qxf2 gxf3) 36. Ra8 $1 {[%mdl 512] Threatening mate with Rg8+.} Bd8 {[#]} 37. Qd5 $1 {[%mdl 576] Double Attack} Rfh4 38. Qxe5+ {Accuracy: White = 49%, Black = 25%.} 1-0

[Event "85th Southwest Open 2019"]
[Site "Dallas"]
[Date "2019.09.01"]
[Round "6.16"]
[White "Yu, Jennifer"]
[Black "Hong, Andrew"]
[Result "0-1"]
[WhiteElo "2263"]
[BlackElo "2440"]
[Annotator "TA"]
[PlyCount "54"]
[EventDate "2019.08.29"]
[EventType "swiss"]
[EventCountry "USA"]
[SourceTitle "playchess.com"]
[Source "ChessBase"]
[SourceQuality "1"]

{[%evp 14,54,0,-1,0,0,0,0,0,-30,-20,-90,-80,-68,0,1,16,-62,-18,-47,-46,-113,-100,-95,-105,-98,-95,-125,-127,-251,-239,-311,-304,-338,-318,-330,-297,-849,-866,-834,-856,-29986,-29987]} 1. d4 Nf6 2. c4 e6 3. Nc3 Bb4 4. a3 Bxc3+ 5. bxc3 b6 6. f3 Nc6 7. Bg5 Ba6 8. e4 h6 {E24: Nimzo-Indian: Sämisch: Unusual Black 5th moves and 5...c5 sidelines} (8... Na5 9. Qa4 h6 10. Bh4 Qc8 11. Nh3 c5 12. d5 Qc7 13. Bg3 e5 14. Rd1 Nh5 15. Nf2 O-O-O 16. Ng4 {½-½ (51) Adhiban,B (2673)-Hossain,E (2491) Hamedan 2018}) 9. Bh4 $1 g5 10. Bf2 Nh5 {The position is equal.} 11. g3 Qe7 $146 ({Predecessor:} 11... Qf6 12. Bd3 O-O-O 13. c5 Bxd3 14. Qxd3 Kb7 15. Ne2 d6 16. cxd6 Rxd6 {½-½ (59) Akvist,H (2139)-Nyberg,U (2178) Sweden 2010}) 12. Qa4 {[#]} (12. c5 $11 Bxf1 13. Kxf1) 12... Na5 $1 $17 13. c5 Bxf1 (13... Bb7 $1 $15) 14. Kxf1 $11 O-O 15. Ne2 (15. Re1 $1 $11) 15... d5 (15... f5 $5 {[%cal Rf5e4]} 16. e5 Nc6 $15) 16. cxd6 cxd6 17. h4 {[#]} (17. Kg2 $15) 17... g4 $1 {[%mdl 512]} 18. fxg4 Nf6 $1 {[%csl LRe4,LRg4][%mdl 64] Double Attack} 19. Qc2 Qb7 20. d5 Nxg4 {Strongly threatening ...f5.} 21. Nf4 (21. Nd4 $17) 21... e5 $19 22. Qe2 f5 23. Ne6 {[#]} h5 $1 {...fxe4! is the strong threat.} 24. Nxf8 Rxf8 25. Ra2 $2 (25. Ke1 fxe4 26. Rf1) 25... fxe4 26. Qxe4 Qf7 27. Qe1 Qxd5 {[%mdl 64] Double Attack. Accuracy: White = 20%, Black = 67%.} 0-1

[Event "85th Southwest Open 2019"]
[Site "Dallas"]
[Date "2019.09.01"]
[Round "6.17"]
[White "Arribas Lopez, Angel"]
[Black "Vivekananthan, Anish"]
[Result "1-0"]
[WhiteElo "2440"]
[BlackElo "2162"]
[Annotator "TA"]
[PlyCount "143"]
[EventDate "2019.08.29"]
[EventType "swiss"]
[EventCountry "USA"]
[SourceTitle "playchess.com"]
[Source "ChessBase"]
[SourceQuality "1"]

{[%evp 10,143,26,10,18,14,12,26,24,-15,27,25,29,0,0,-3,29,19,62,50,41,53,93,20,21,13,0,14,26,0,10,0,3,12,10,-30,0,-12,-38,-88,0,0,0,0,0,-47,0,-179,0,0,0,0,73,0,0,0,700,59,248,-33,194,171,198,289,245,8,8,8,8,8,8,8,8,20,41,20,16,26,27,45,56,51,37,28,865,803,1045,1,1,0,0,0,432,431,431,402,349,291,1608,0,0,0,0,0,29972,29973,29974,29975,29976,29977,29977,29978,29978,29979,29979,29979,29983,29984,29984,29985,29985,29986,29986,29987,29987,29988,29988,29989,29990,29988,29991,29992,29992,29990,29995,29996]} 1. e4 c5 2. Nc3 a6 3. g3 b5 4. Bg2 Bb7 5. d3 e6 6. Nh3 Nf6 {B23: Closed Sicilian: Lines without g3} (6... b4 7. Ne2 d5 8. e5 Nc6 9. f4 Nh6 10. Nf2 Nf5 11. O-O Qb6 12. c3 Be7 13. g4 Nh4 14. Bh1 {0-1 (35) Yu,Y (2738)-Khismatullin,D (2639) Moscow 2017}) 7. O-O d6 8. f4 Nc6 {White has an edge.} 9. g4 b4 $146 ({Predecessor:} 9... h6 10. g5 Nd7 11. g6 fxg6 {1-0 (47) Luther,T (2542)-Gheorghiu,F (2450) Crans Montana 1999}) 10. Na4 Nd7 11. Be3 Be7 12. g5 Qc7 13. c3 e5 14. f5 a5 15. Qh5 g6 16. fxg6 (16. Qd1 $16) 16... fxg6 $11 17. Qg4 Nb6 18. Nxb6 Qxb6 19. Nf2 a4 20. a3 bxc3 21. bxc3 Qb3 22. c4 Bc8 23. Qg3 O-O 24. Bh3 Nd4 ({Black should try} 24... Rf7 $17) 25. Bxd4 $1 cxd4 26. Bxc8 Raxc8 27. Rab1 Qc2 28. Qh3 $2 (28. h4 $1 $11) 28... Rc7 $2 (28... Rce8 $1 $19 29. Rb7 Qd2) 29. Qe6+ Kg7 30. Ng4 Rf4 {[#]} (30... Qxd3 31. Rxf8 Qxb1+ 32. Rf1 $18) (30... Bxg5 $11 {keeps the balance.} 31. Qxd6 Re7 32. Nxe5 Rfe8 33. Qxd4 (33. Rb5 $2 Be3+ 34. Kh1 Bf4 $19 {[%mdl 64] Double Attack}) 33... Rxe5 34. Rb7+ (34. Rb5 $2 Qe2 $19) 34... Kg8) 31. Nxe5 $1 {[%mdl 512]} Bxg5 (31... dxe5 32. Qxe5+) 32. Qxd6 {[%mdl 64] Double Attack} Re7 $2 {[%mdl 8192]} (32... Rcf7 $11 33. Qxd4 (33. Nxf7 $2 Rg4+ 34. Qg3 Rxg3+ 35. hxg3 Qxd3 $19 {[%mdl 64] Double Attack}) 33... Bf6 34. Rxf4 Qxb1+ 35. Kg2 Qc1) 33. Qxd4 $2 (33. Rxf4 $18 {Intending Rbf1 and mate.} Qxb1+ 34. Rf1) 33... Bf6 $2 ({Black should play} 33... Kh6 $1 $14 34. Kh1 Rxe5 35. Qxe5 Qxd3) 34. Qd6 $2 (34. Rxf4 $18 Rxe5 35. Rb7+ Kh6 36. Qf2 Qxd3 37. Qg3) 34... Rxe5 $2 (34... Qd2 $15 {keeps the upper hand.} 35. Kh1 Rxe5 36. Rb7+ Kh6 37. Qf8+ Kg5 $1 {[%mdl 512]} 38. Rg1+ Kh4 39. Rxh7+ Rh5) 35. Rb7+ $18 Kh6 36. Qf8+ Kg5 {[#]} 37. h4+ $1 {[%mdl 512]} Kg4 $11 {( -> ...Kg3)} (37... Rxh4 38. Qxf6+) 38. Rxf4+ Kg3 $132 {[%csl Gg3][%cal Rc2g2][%mdl 2048] Black has counterplay} 39. Rf3+ {[%mdl 64] Decoy} Kxf3 {[%csl Gf3][%cal Rc2g2]} 40. Qxf6+ {[%mdl 4160] Endgame Double Attack. KQR-KQR} Rf5 $1 {[%csl Gf3][%cal Rc2g2]} 41. Qb2 Qd1+ $1 42. Kh2 Rf4 {[%cal Rf4h4]} 43. Qg2+ $1 (43. Rxh7 Ke3 $19) 43... Ke3 44. Qg3+ Rf3 $1 {[%cal Rf3g3]} 45. Qg5+ Rf4 $1 46. Rb2 Qxd3 $2 {[%mdl 8192]} (46... Qe1 $11) 47. c5 $18 Qc3 48. Rg2 $2 (48. Qg1+ $18 Kxe4 49. Rb4+ Qxb4 50. axb4 Rxh4+ 51. Kg3) 48... Qf6 $11 49. c6 {[%cal Bc5c6,Bc6c7][%mdl 32] Qc5+ is the strong threat.} Qxg5 50. hxg5 Rxe4 $2 {[%mdl 8192] KR-KR} (50... Rf8 $1 $11 {and Black is okay.}) 51. Rc2 $18 Re8 52. c7 Rc8 53. Kg3 Ke4 $2 {[#]} (53... Kd3 54. Rc1 Ke4) 54. Kg4 $2 ({White has to play} 54. Kf2 $1 $18 {[%cal Rf2e2] And now Ke2 would win.} Kd3 55. Rc1) 54... Ke5 $11 55. Kf3 {Black must now prevent Ke3.} Kd6 56. Ke4 Ke6 $2 {[%mdl 8192]} (56... Rxc7 $11 57. Rxc7 Kxc7) 57. Rc6+ {White mates.} Kd7 {[#]} 58. Kd5 $1 {[%cal Rd5c5]} Rxc7 59. Rxc7+ Kxc7 {K3P-KPP} 60. Kc5 Kd7 61. Kb5 Ke6 62. Kxa4 {KPP-KPP} Kf5 63. Kb5 Kxg5 {KPP-KP} 64. a4 Kf4 65. a5 g5 66. a6 h5 67. a7 Kg3 68. a8=Q g4 69. Qh1 h4 70. Kc4 h3 71. Kd3 Kf2 72. Ke4 {Accuracy: White = 41%, Black = 39%.} 1-0